5HLuxD.jpg

KING HENRY VIII SENIOR AND PRIMARY SCHOOL LIBRARY OPAC

History of Malaysia : (Record no. 2716)

000 -LEADER
fixed length control field 01694cam a2200289 a 4500
001 - CONTROL NUMBER
control field 4584246
003 - CONTROL NUMBER IDENTIFIER
control field OSt
005 - DATE AND TIME OF LATEST TRANSACTION
control field 20230815075224.0
008 - FIXED-LENGTH DATA ELEMENTS--GENERAL INFORMATION
fixed length control field 090324s2009 tmaabc be 001 0 eng
020 ## - INTERNATIONAL STANDARD BOOK NUMBER
International Standard Book Number 9780646498270
037 ## - SOURCE OF ACQUISITION
Source of stock number/acquisition My Favourite Company Pty Ltd., GPO Box 1719, Hobart TAS 7001
040 ## - CATALOGING SOURCE
Original cataloging agency ANL
Language of cataloging eng
Transcribing agency KH8
042 ## - AUTHENTICATION CODE
Authentication code anuc
043 ## - GEOGRAPHIC AREA CODE
Geographic area code a-my---
082 04 - DEWEY DECIMAL CLASSIFICATION NUMBER
Classification number 959.5 TUN
100 1# - MAIN ENTRY--PERSONAL NAME
Personal name Tunku Halim,
Dates associated with a name 1964-
Relator term author.
245 10 - TITLE STATEMENT
Title History of Malaysia :
Remainder of title a children's encyclopedia /
Statement of responsibility, etc. Tunku Halim.
260 ## - PUBLICATION, DISTRIBUTION, ETC.
Place of publication, distribution, etc. Hobart, Tas. :
Name of publisher, distributor, etc. My Favourite Company,
Date of publication, distribution, etc. 2009.
300 ## - PHYSICAL DESCRIPTION
Extent 144 p. :
Other physical details col. ill., col. maps, ports. ;
Dimensions 26 cm.
500 ## - GENERAL NOTE
General note "Tunku Halim"--Cover.
500 ## - GENERAL NOTE
General note Includes index.
504 ## - BIBLIOGRAPHY, ETC. NOTE
Bibliography, etc. note Bibliography: p. 130-133.
520 ## - SUMMARY, ETC.
Summary, etc. Every member of the family will enjoy this engaging encyclopedia. Its richly illustrated pages not only bring Malaysian history to life, but its clear and comprehensive explanations make it an essential resource. It helps children understand the country s history and how it relates to today s news. It records a dazzling panorama of peoples, cultures and events from the Stone Age until the present day. The main sections include regional maps, an encyclopedic A to Z, beginners to advance quizzes, a historical time chart, a chronology and glossary. Discover the mystery of the Living Stones, find out who invaded the Srivijaya Empire, why the Dutch attacked Portuguese Melaka, how Raffles settled Singapore, when the Ghee Hins fought the Hai Sans, what happened during the Emergency, how Malaya became Malaysia, and much more.
651 #0 - SUBJECT ADDED ENTRY--GEOGRAPHIC NAME
Geographic name Malaysia
General subdivision History.
700 ## - ADDED ENTRY--PERSONAL NAME
Personal name McAteer, Sally,
Relator term illustrator.
942 ## - ADDED ENTRY ELEMENTS (KOHA)
Source of classification or shelving scheme
Koha item type Teaching Resources
Holdings
Withdrawn status Lost status Source of classification or shelving scheme Damaged status Not for loan Collection code Permanent Location Current Location Shelving location Date acquired Full call number Barcode Date last seen Price effective from Koha item type
          Teaching Resources KH8 Senior School Library KH8 Senior School Library Staff Office 2023-08-15 959.5 TUN TRKHSL002017 2023-08-15 2023-08-15 Teaching Resources
          Teaching Resources KH8 Senior School Library KH8 Senior School Library Staff Office 2023-08-15 959.5 TUN TRKHSL002018 2023-08-15 2023-08-15 Teaching Resources

Powered By KH8 IT Dept